Islamic panorama /

محفوظ في:

مؤلف مشترك: Bisazza (Firm)

مؤلفون آخرون: Bisazza, Piero., Rossi, Joseph.

التنسيق: كتاب

اللغة: Italian
Arabic
English
French

منشور في: Vicenza : Bisazza, 1995.

الطبعة: Prima edizione.

الموضوعات:

الوسوم: إضافة وسم

لا توجد وسوم, كن أول من يضع وسما على هذه التسجيلة!

رقم الطلب: NA5989 .M25 I52 1995

LEADER 00942namaa2200289 4500
001 25341
003 OSt
005 20250909082454.0
008 130303s1995 it a 000 0 ita d
040 |c ARCE Library 
041 0 |a ita  |a ara  |a eng  |a fre 
050 4 |a NA5989 .M25 I52 1995 
245 0 0 |a Islamic panorama /   |c [coordinamento: Piero Bisazza ; progetto grafico: Joseph Rossi]. 
250 |a Prima edizione. 
264 1 |a Vicenza :   |b Bisazza,   |c 1995. 
300 |a 62 pages :   |b chiefly color illustrations ;   |c  31 cm. 
546 |a Italian, Arabic, English and French. 
650 0 |a Islamic mosaics  |v Pictorial works. 
650 0 |a Islamic art and symbolism  |v Pictorial works. 
650 0 |a Islamic art  |v Pictorial works. 
650 0 |a Islamic architecture   |v Pictorial works. 
700 1 |a Bisazza, Piero.  |9 26842 
700 1 |a Rossi, Joseph. 
710 2 |a Bisazza (Firm)  |9 21499 
901 |a reviewed 
942 |c BK  |2 lcc 
999 |c 23770  |d 23770